Exploración clínica del ganado vacuno / (Record no. 132788)

MARC details
000 -LEADER
campo de control de longitud fija 00654nam a2200181 4500
001 - NÚMERO DE CONTROL
campo de control 132788
003 - IDENTIFICADOR DE NÚMERO DE CONTROL
campo de control ES-MaACL
005 - FECHA Y HORA DE LA ÚLTIMA TRANSACCIÓN
campo de control 20230906194242.0
007 - CAMPO FIJO DE DESCRIPCIÓN FÍSICA--INFORMACIÓN GENERAL
campo de control de longitud fija t|
008 - DATOS DE LONGITUD FIJA--INFORMACIÓN GENERAL
campo de control de longitud fija 070214s1966 sp r ||||1| spa d
100 1# - ENTRADA PRINCIPAL--NOMBRE DE PERSONA
Nombre de persona Rosenberger, Gustav.
9 (RLIN) 99731
245 10 - MENCIÓN DEL TÍTULO
Título Exploración clínica del ganado vacuno /
Mención de responsabilidad, etc. Gustav Rosenberger ; con la colaboración de G. Dirksen [et. al.] ; traducción de Clemente Sánchez-Garnica Montes.
260 ## - PUBLICACIÓN, DISTRIBUCIÓN, ETC.
Lugar de publicación, distribución, etc. Barcelona :
Nombre del editor, distribuidor, etc. Labor,
Fecha de publicación, distribución, etc. 1966.
300 ## - DESCRIPCIÓN FÍSICA
Extensión XII, 234 p., 6 lám. :
Otras características físicas il. ;
Dimensiones 25 cm.
700 1# - ENTRADA AGREGADA--NOMBRE PERSONAL
Nombre de persona Dirksen, G.
9 (RLIN) 44870
700 1# - ENTRADA AGREGADA--NOMBRE PERSONAL
Nombre de persona Sánchez-Garnica Montes, Clemente.
9 (RLIN) 102666
852 ## - LOCALIZACIÓN
Ubicación ES-MaACL
Número de control de estantería C-30337
Sublocalización o colección R.60839
Holdings
Estatus retirado Estado de pérdida Estado de daño No para préstamo Biblioteca de origen Biblioteca actual Ubicación en estantería Fecha de adquisición Fuente de adquisición Total de préstamos Signatura topográfica completa Código de barras Visto por última vez Precio de reemplazo Tipo de ítem Koha
        Biblioteca del Ateneo de Madrid Biblioteca del Ateneo de Madrid Depósito 2 17/01/2008     C-30337 1138242 23/02/2023 23/02/2023 Libro impreso